000 01410nam0a2200349 4500
001 RU\NLR\BIBL_A\022764722
005 20260426073004.0
010 _a5-415-00603-6
035 _a(NLR Aleph) 022764722
090 _a13693452
_c13693452
100 _a20260324d1990 m y0rusy50 ca
101 0 _alit
102 _aLT
105 _aa z 000yy
181 0 _ai3
_baxxe
182 0 _an
200 1 _aNovelės
_fStefanas Cveigas, Robertas Muzilis
203 _aТекст
_bвизуальный
_cнепосредственный
210 _aVilnius
_cVaga
_d1990
215 _a428 с.
_cил.
_d22
225 1 _aPasaulinės literatūros biblioteka
_iXX a. literatūra
_vkn. 98
327 1 _aСодерж.: Guvernantė, Baimė, Amokas, Nepažįstamosios laiškas, Dvidešimt keturios valandos iš moters gyvenimo [etc.]/ Stefanas Cveigas; Gridža, Portugalė, Tonka, Baltijos žvejai, Infliacija [etc.]/ Robertas Muzilis
686 1 _aШ6(4А)67-440.5{Лх1348-45Цвейг(лит)}
686 1 _aШ6(4А)67-440.5{Лх1348-45Музиль(лит)}
700 1 _7ba
_8ger
_aZweig
_bS.
_f1881-1942
_gStefan
_9267018
_3RU\NLR\AUTH\770267074
701 1 _7ba
_8ger
_aMusil
_bR.
_f1880-1942
_gRobert
_92703541
_3RU\NLR\AUTH\770291863
942 _cBOOK
980 _aNB